University Home | Library Home | Institutional Repository

Essentials of family medicine/ (Record no. 49096)

MARC details
000 -LEADER
fixed length control field 00561cam a2200181 4500
008 - FIXED-LENGTH DATA ELEMENTS--GENERAL INFORMATION
fixed length control field 120511n 000 0 eng u
020 ## - INTERNATIONAL STANDARD BOOK NUMBER
International Standard Book Number 0683301470
035 ## - SYSTEM CONTROL NUMBER
System control number (Sirsi) a176125
040 ## - CATALOGING SOURCE
Original cataloging agency CIP
050 ## - LIBRARY OF CONGRESS CALL NUMBER
Classification number RC 46 ESS 1998
245 ## - TITLE STATEMENT
Title Essentials of family medicine/
Statement of responsibility, etc. edited by Philip D.Sloane... [et al.].
250 ## - EDITION STATEMENT
Edition statement 3rd ed.
260 ## - PUBLICATION, DISTRIBUTION, ETC.
Place of publication, distribution, etc. Baltimore:
Name of publisher, distributor, etc. Williams and Wilkins,
Date of publication, distribution, etc. 1998.
300 ## - PHYSICAL DESCRIPTION
Extent xv, 729p.:
Other physical details ill.
504 ## - BIBLIOGRAPHY, ETC. NOTE
Bibliography, etc. note includes bibliographical references and index
650 ## - SUBJECT ADDED ENTRY--TOPICAL TERM
Topical term or geographic name entry element family practice
700 ## - ADDED ENTRY--PERSONAL NAME
Personal name Sloane, Philip D...[et al.].

No items available.

© 2026 - The University of Zambia Library - Koha v25.11